Famous Scottish People by Picture - Statistics

General Stats
  • This quiz has been taken 305 times
    271 since last reset
  • The average score is 11 of 20
Answer Stats
Picture Answer % Correct
Gordon Ramsay
83%
Alex Ferguson
73%
Andy Murray
71%
Sean Connery
71%
Mary, Queen of Scots
69%
Tony Blair
67%
Ewan McGregor
62%
David Tennant
59%
Susan Boyle
58%
Nicola Sturgeon
57%
Gordon Brown
55%
Robert Burns
51%
William Wallace
51%
Annie Lennox
49%
Billy Connolly
49%
Gerard Butler
45%
Kenny Dalglish
42%
Calvin Harris
36%
Karen Gillan
29%
Adam Smith
28%
No matching quizzes found
Score Distribution
Percent of People with Each Score
Percentile by Number Answered
Your Score History
You have not taken this quiz since the last reset